| 000 | 01001nam a22002057a 4500 | ||
|---|---|---|---|
| 999 |
_c27106 _d27106 |
||
| 003 | BDDh-ASL | ||
| 005 | 20231015030727.0 | ||
| 008 | 211011s1982 b ||||| |||| 00| 0 b d | ||
| 040 | _cBDDh-ASL | ||
| 082 |
_a950 _bSHA |
||
| 100 | 1 |
_95385 _aমিরডাল, গুনার |
|
| 245 | 1 | 0 |
_aএশিয়ার রঙ্গমঞ্চ: _b[দক্ষিণ এশিয়ার জাতিসমূহের দারিদ্র সমস্যার অনুসন্ধান], দ্বিতীয় খণ্ড / _cরায়হান শরীফ (অনূদিত)। |
| 246 | _aAsiar Rangamancho. Volume-02 | ||
| 260 |
_aঢাকা: _bবাংলা একাডেমি, _c১৯৮২। |
||
| 300 |
_a৪১২ পৃষ্ঠা, : _c২৪ সে. মি. |
||
| 650 | 0 |
_94586 _aHistory (ইতিহাস) |
|
| 650 | 0 |
_95386 _aHistory of Asia (এশিয়ার ইতিহাস) |
|
| 700 | 1 |
_95387 _aশরীফ, রায়হান |
|
| 942 |
_2ddc _cBK |
||